Bioquímica

Furkejuvvon:
Bibliográfalaš dieđut
Váldodahkkit: Mathews, Christopher K. (autor), Van Holde, K. E (Dahkki)
Materiálatiipa: Girji
Giella:espánnjágiella
Almmustuhtton: Madrid McGraw-Hill Interamericana 1998
Fáttát:
Fáddágilkorat: Lasit fáddágilkoriid
Eai fáddágilkorat, Lasit vuosttaš fáddágilkora!

MARC

LEADER 00000nam a2200000 a 4500
001 UCG0928
003 CL-VaPUC
005 20241210123927.0
008 100415e19980000SP |||||||||||||||||spa|d
999 |c 340415  |d 340413 
020 |a 8448602137 
040 |c Pontificia Universidad Católica de Valparaíso 
082 0 4 |a 572  |b MAT  |2 21 
100 |a Mathews, Christopher K.  |e autor  |9 548593 
245 1 0 |a Bioquímica 
260 |a Madrid  |b McGraw-Hill Interamericana  |c 1998 
300 |a 1283 p 
583 |a last modification  |c 20131230 06:29:44  |k Rodrigo Vera 
650 0 |a Bioquímica   |x Microbiología  |x Biología molecular  |9 259492 
650 7 |a Proteínas  |x Aminoácidos  |x Péptidos  |2 CL-VaPUC  |9 269567 
650 0 |a Carbohidratos  |x Monosacáridos  |x Polisacáridos  |9 262984 
650 7 |a Metabolismo  |x Biosíntesis  |x Fotosíntesis   |2 CL-VaPUC  |9 548595 
700 0 |a Van Holde, K. E  |e author  |9 548594 
942 |c BK  |2 ddc 
945 |d 20100415 00:00:00  |a rbrito 
952 |0 0  |1 0  |4 0  |6 572_000000000000000_MAT_1998  |7 0  |8 A  |9 435168  |a BIBCUR  |b BIBCUR  |d 2019-11-22  |i 466096K  |l 1  |o 572 MAT 1998  |p 466096K  |r 2025-04-22  |s 2023-04-25  |w 2019-11-22  |y BK  |k QUI